Statistiques concernant Célébrités commençant par la lettre C

Cliquez ici pour prendre le quiz!

Statistiques générales

  • Ce quiz a été pris 148 fois
    (134 depuis la dernière actualisation)
  • Le résultat moyen est 9 sur 17

Statistiques - réponses

Réponse% Correct
Céline Dion
92%
Cristiano Ronaldo
90%
Christian Clavier
79%
Camille Cottin
68%
Christine And The queens
62%
Carla Bruni
61%
Camille Cerf
59%
Catherine Deneuve
55%
Cher
51%
Chantal Goya
49%
Cara Delevingne
36%
Chris Brown
34%
Christina Aguilera
33%
Charlize Theron
28%
Channing Tatum
25%
Chancel Mbemba
24%
Charlie Sheen
15%

Distribution des résultats

Percentile par nombre de réponses

% des personnes avec chaque résultat

Votre développement - résultats

Vous n’avez pas pris ce quiz depuis la dernière actualisation